000 01524ctm a22002891a 4500
003 SA-RiAUC
005 20251218122156.0
007 co ug ---uuauu         
008 251215s1984 su fsbm 00000 ara c
040 _aSA-JeALM
_bara
_cSA-RiAUC
_erda
082 0 4 _a255
_qSA-RiAUC
090 _aر 255
_bج ر د
100 1 _aالجردي، يحيى أحمد مطاعن،
_d1370 هجري-
245 1 0 _aكتاب الجنايات من الحاوي الكبير للإمام أبي الحسن علي بن محمد الماوردي المتوفى سنة 450 هـ
_h[ملف كمبيوتر] /
_cيحيى أحمد مطاعن الجردي ؛ إشراف محمود عبد الدائم علي.
260 _c1984
264 _aمكة المكرمة :
_bجامعة أم القرى،
_c1984
300 _aمجلد؛
_c30 سم.
500 _aأطروحة (دكتوراه)-جامعة أم القرى، كلية الشريعة، قسم الفقه والأصول، 1984.
502 _aأطروحة (دكتوراه)-جامعة أم القرى، كلية الشريعة، قسم الفقه والأصول، 1984.
504 _aيشتمل على إرجاعات ببليوجرافية.
650 7 _aالجنايات (فقه إسلامي)
_2aucsh
700 1 2 _aالماوردي، علي بن محمد بن حبيب،
_d364-450 هجري
700 _aعلي, محمود عبد الدائم.
_eإشراف
740 2 2 _aالحاوي الكبير.
942 _2ddc
_cTHESES
_n0
949 _aSA-JeALM
_d251215
_umohamedma123
_n1
999 _c13578
_d13578